| 000 | 00792nam a22001937a 4500 | ||
|---|---|---|---|
| 003 | BUBTL | ||
| 008 | 220216b ||||| |||| 00| 0 eng d | ||
| 020 | _a9789843318572 | ||
| 082 | _a344.0525492/ Si134j/ 2015 | ||
| 100 |
_94524 _aসিদ্দীক, মোঃ আবু বকর |
||
| 245 |
_aজেল কোড : সংকলন এবং কারা আইন, বন্দী আইন, বন্দী সনাক্তকরণ আইন, শিশু আইন / _bমোঃ আবু বকর সিদ্দীক |
||
| 250 | _a7th | ||
| 260 |
_aঢাকা : _bকামরুল বুক হউজ _cc2015 |
||
| 300 |
_a[xiii], 371p. : _b21cm |
||
| 650 | _aLaw | ||
| 856 |
_k0 _l0 _yDownload |
||
| 942 |
_2lcc _cBK |
||
| 999 |
_c6660 _d6660 |
||